000 00858nam a22002177a 4500
999 _c63888
_d63888
005 20240530110704.0
008 171225s2015 ua a g b 000 0dara d
017 _a2015/5275
_bمصر. دار الكتب
020 _a9789779102214
040 _aEG-CaGPL
_cEG-CaGPL
082 0 4 _221
_a730.118\
_bع ث
100 0 _aعبدالرازق عكاشة
245 1 2 _aالثورة والفن التشكيلى العالمى :
_bاثر الثورات فى العقل التشكيلى /
_cعبدالرازق عكاشة .
_nالجزء الاول
250 _aط.1
260 _aالقاهرة :
_bالهيئة المصرية العامة للكتاب ،
_c2015 .
300 _a263 ص. :
_bصور لو ؛
_c24 سم.
650 0 7 _2qrmak
_aالفنون التشكيلية
651 _2qrmak
942 _2ddc
_cBK